00000000cam 2200000zi 4500
0019.962756
003CaOODSP
00520260515145340
006m     o  d f      
007cr cn|||||||||
008260513s2026    onca    o    f000 0 eng d
040 |aCaOODSP|beng|erda|cCaOODSP
043 |an-cn---
0861 |aD69-104/2026E-PDF
24500|aCelebrating two years : |bdiscover DRDC.
24613|aDiscover DRDC
264 1|a[Ottawa] : |bNational Defence = Défense nationale, |c[2026]
300 |a1 online resource (5 unnumbered pages) : |bcolour illustrations
336 |atext|btxt|2rdacontent
337 |acomputer|bc|2rdamedia
338 |aonline resource|bcr|2rdacarrier
500 |aIssued also in French under title: Célébrons deux ans : découvrez RDDC.
500 |aFinal page duplicated in French and inverted.
500 |aTitle from caption.
61020|aDefence R&D Canada.
650 0|aMilitary research|zCanada.
7102 |aDefence R&D Canada, |eissuing body.
77508|tCélébrons deux ans : |w(CaOODSP)9.962846
85640|qPDF|s1.00 MB|uhttps://publications.gc.ca/collections/collection_2026/mdn-dnd/D69-104-2026-eng.pdf